00473nam a2200145Ia 4500008004100000020001800041041000800059082001600067100002200083245016800105250000600273260002700279300001300306650000800319210716s2019 xx 000 0 und d a9788126578160 aeng a003.54 JAYR aJayaraman, Rajiv. aClearing the digital blur: how organizations can transform themselves at the speed of digital.bHow organizations can transform themselves at the speed of digital. a1 aNew DelhibWILEYc2019 axiii,326 aMIS